[Event "27th Klatovy B 2019"]
[Site "Klatovy CZE"]
[Date "2019.07.05"]
[Round "7.36"]
[White "Barta, David"]
[Black "Vorsilka, Jiri"]
[Result "1-0"]
[WhiteElo "1411"]
[BlackElo "1568"]
[PlyCount "107"]
[EventDate "2019.06.29"]
[EventType "swiss"]
[EventRounds "9"]
[EventCountry "CZE"]

1. d4 d5 2. Nf3 Nf6 3. g3 e6 4. Bg2 c5 5. O-O Nc6 6. c4 cxd4 7. Nxd4 e5 8. Nxc6 bxc6 9. Nc3 Be6 10. Bg5 e4 11. Bxf6 gxf6 12. Qa4 Qd6 13. Rfd1 Bd7 14. cxd5 cxd5 15. Qb3 Rb8 16. Qxd5 Qxd5 17. Nxd5 Bf5 18. Nxf6+ Ke7 19. Nxe4 Bxe4 20. Bxe4 Rxb2 21. Bf3 Bg7 22. Rab1 Rhb8 23. Be4 h6 24. Rxb2 Rxb2 25. Rb1 Rxa2 26. Rb7+ Ke6 27. Bg6 fxg6 28. Rxg7 Kf6 29. Rh7 h5 30. e3 a5 31. Ra7 a4 32. Kg2 a3 33. Kf3 Ra1 34. Kf4 g5+ 35. Ke4 g4 36. Ra6+ Kg7 37. Kf5 Rf1 38. Kg5 Rxf2 39. Ra7+ Kf8 40. Kxh5 Rxh2+ 41. Kxg4 a2 42. Kf3 Ke8 43. e4 Rb2 44. g4 Kd8 45. g5 Kc8 46. g6 Rb6 47. Rxa2 Rxg6 48. Rd2 Rf6+ 49. Kg4 Kc7 50. Kg5 Rf7 51. e5 Rd7 52. Rxd7+ Kxd7 53. Kf6 Ke8 54. Ke6 1-0

[Event "27th Klatovy B 2019"]
[Site "Klatovy CZE"]
[Date "2019.07.05"]
[Round "7.37"]
[White "Kirs, Pavel"]
[Black "Vojir, Vaclav 2005"]
[Result "1-0"]
[WhiteElo "1567"]
[BlackElo "1337"]
[PlyCount "27"]
[EventDate "2019.06.29"]
[EventType "swiss"]
[EventRounds "9"]
[EventCountry "CZE"]

1. b3 Nc6 2. Bb2 e5 3. e3 d5 4. Bb5 Bd6 5. Nf3 a6 6. Bxc6+ bxc6 7. Nxe5 Qg5 8. Nf3 Qxg2 9. Rg1 Qh3 10. Bxg7 Bg4 11. Ng5 Bxd1 12. Nxh3 Bxc2 13. Bxh8 f6 14. Rxg8+ 1-0

[Event "27th Klatovy B 2019"]
[Site "Klatovy CZE"]
[Date "2019.07.05"]
[Round "7.38"]
[White "Malik, Zdenek"]
[Black "Vavrinkova, Jitka"]
[Result "1/2-1/2"]
[WhiteElo "1391"]
[BlackElo "1566"]
[PlyCount "58"]
[EventDate "2019.06.29"]
[EventType "swiss"]
[EventRounds "9"]
[EventCountry "CZE"]

1. e4 e6 2. d4 d5 3. Nc3 Nf6 4. Bg5 Be7 5. Bxf6 Bxf6 6. e5 Be7 7. Qg4 g6 8. O-O-O Nd7 9. f4 c5 10. Nf3 a6 11. Kb1 Qa5 12. h4 h5 13. Qh3 Nb6 14. a3 c4 15. Ng5 Bxg5 16. hxg5 Bd7 17. g4 O-O-O 18. Be2 h4 19. Rh2 Rh7 20. Rdh1 Na4 21. Qe3 Rdh8 22. Na2 b5 23. Qf2 c3 24. Qe1 Nxb2 25. Qxc3+ Qxc3 26. Nxc3 Nc4 27. Bxc4 dxc4 28. Ne4 Bc6 29. Nd6+ Kd7 1/2-1/2

[Event "27th Klatovy B 2019"]
[Site "Klatovy CZE"]
[Date "2019.07.05"]
[Round "7.39"]
[White "Gacho, Ondrej"]
[Black "Kotesovec, Jaroslav"]
[Result "1/2-1/2"]
[WhiteElo "1384"]
[BlackElo "1560"]
[PlyCount "35"]
[EventDate "2019.06.29"]
[EventType "swiss"]
[EventRounds "9"]
[EventCountry "CZE"]

1. e4 c5 2. Nf3 Nc6 3. d4 cxd4 4. Nxd4 Nf6 5. Nc3 e6 6. Bb5 h6 7. O-O a6 8. Nxc6 bxc6 9. Ba4 Bb4 10. Qd4 Qa5 11. Bd2 Qc5 12. Qxc5 Bxc5 13. e5 Ng4 14. Bf4 Rb8 15. h3 Nxf2 16. Rxf2 Bxf2+ 17. Kxf2 a5 18. Be3 1/2-1/2

[Event "27th Klatovy B 2019"]
[Site "Klatovy CZE"]
[Date "2019.07.05"]
[Round "7.40"]
[White "Skutil, Frantisek Elias"]
[Black "Pucholt, Martin"]
[Result "1-0"]
[WhiteElo "1106"]
[BlackElo "1555"]
[PlyCount "61"]
[EventDate "2019.06.29"]
[EventType "swiss"]
[EventRounds "9"]
[EventCountry "CZE"]

1. d4 d5 2. Nc3 Nf6 3. Bf4 c6 4. e3 g6 5. Bd3 Bg7 6. Nge2 O-O 7. Qd2 Nbd7 8. O-O-O b5 9. f3 Nh5 10. g4 Nxf4 11. Nxf4 a5 12. Nce2 a4 13. a3 Nb6 14. h4 Nc4 15. Bxc4 bxc4 16. h5 g5 17. h6 Bf6 18. Nh5 Qb6 19. Nxf6+ exf6 20. Ng3 Rb8 21. Qc3 Re8 22. Nh5 Re6 23. Ng7 Re7 24. Nh5 Reb7 25. Nxf6+ Kh8 26. Rh2 Qd8 27. Nh5 Rb5 28. e4 Qb6 29. exd5 cxd5 30. Qe3 Rxb2 31. Qe8# 1-0

[Event "27th Klatovy B 2019"]
[Site "Klatovy CZE"]
[Date "2019.07.05"]
[Round "7.41"]
[White "Vavrinkova, Anna"]
[Black "Sobr, Vaclav"]
[Result "1-0"]
[WhiteElo "1550"]
[BlackElo "1498"]
[PlyCount "93"]
[EventDate "2019.06.29"]
[EventType "swiss"]
[EventRounds "9"]
[EventCountry "CZE"]

1. e4 Nc6 2. d4 d5 3. e5 Bf5 4. Bb5 e6 5. Ne2 a6 6. Bxc6+ bxc6 7. O-O Be7 8. c4 Qd7 9. c5 f6 10. f4 Nh6 11. Nd2 O-O 12. h3 Bd3 13. Nf3 Bxe2 14. Qxe2 f5 15. Nh2 Qc8 16. g4 Qb7 17. Qg2 Qb4 18. Be3 Rab8 19. Rab1 Qc4 20. g5 Nf7 21. g6 Nh6 22. gxh7+ Kxh7 23. Kh1 Rg8 24. Rg1 g6 25. b3 Qd3 26. Rbe1 Qe4 27. Nf3 Rg7 28. Kh2 Qd3 29. Kh1 Rbg8 30. h4 Ng4 31. Bc1 Rh8 32. Rd1 Qb5 33. Qg3 Kg8 34. Bd2 Rgh7 35. Be1 Kf7 36. Qh3 Qe2 37. Rd2 Qe3 38. Rxg4 fxg4 39. Ng5+ Bxg5 40. Qxe3 Bxh4 41. Rh2 Bxe1 42. Rxh7+ Rxh7+ 43. Kg2 Bb4 44. Qg3 g5 45. fxg5 Rg7 46. Qf4+ Ke8 47. Qf6 1-0

[Event "27th Klatovy B 2019"]
[Site "Klatovy CZE"]
[Date "2019.07.05"]
[Round "7.42"]
[White "Skopkova, Marcela"]
[Black "Flajsman, Zdenek"]
[Result "0-1"]
[WhiteElo "1263"]
[BlackElo "1503"]
[PlyCount "42"]
[EventDate "2019.06.29"]
[EventType "swiss"]
[EventRounds "9"]
[EventCountry "CZE"]

1. d4 e6 2. Nf3 c5 3. c3 d5 4. dxc5 Bxc5 5. e3 a6 6. Be2 Nf6 7. Nbd2 Nc6 8. a3 Be7 9. b4 O-O 10. Bb2 b5 11. a4 Na7 12. Nd4 Bd7 13. O-O bxa4 14. Bxa6 Qc7 15. Ba3 Qxc3 16. Qc2 Qxc2 17. Nxc2 Bb5 18. Bxb5 Nxb5 19. Rfc1 Rfc8 20. Nd4 Nxa3 21. Rxa3 Rxc1+ 0-1

[Event "27th Klatovy B 2019"]
[Site "Klatovy CZE"]
[Date "2019.07.05"]
[Round "7.43"]
[White "Kadlec, Rudolf"]
[Black "Skutil, Frantisek"]
[Result "0-1"]
[WhiteElo "1400"]
[BlackElo "1681"]
[PlyCount "77"]
[EventDate "2019.06.29"]
[EventType "swiss"]
[EventRounds "9"]
[EventCountry "CZE"]

1. e4 c5 2. d4 cxd4 3. Nf3 Nc6 4. Bc4 g6 5. O-O Bg7 6. Re1 d6 7. h3 Nf6 8. Nxd4 Bd7 9. c3 O-O 10. f3 Qb6 11. Bb3 e5 12. Be3 exd4 13. Bxd4 Nxd4 14. Qxd4 Qxd4+ 15. cxd4 Rfe8 16. Nc3 Rac8 17. Rac1 Nh5 18. Red1 a6 19. a3 Nf4 20. Kh2 Ne6 21. Bxe6 Bxe6 22. d5 Bd7 23. Re1 b5 24. Re2 f5 25. Rec2 fxe4 26. Nxe4 Be5+ 27. g3 Rxc2+ 28. Rxc2 Rc8 29. Rxc8+ Bxc8 30. b3 Bf5 31. a4 bxa4 32. bxa4 h6 33. Kg2 Kf8 34. h4 Ke7 35. g4 Bxe4 36. fxe4 Kf6 37. Kf3 Bc3 38. Ke3 Ke5 39. h5 0-1

[Event "27th Klatovy B 2019"]
[Site "Klatovy CZE"]
[Date "2019.07.05"]
[Round "7.44"]
[White "Matlocha, Lubomir"]
[Black "Martinkova, Magdalena"]
[Result "1/2-1/2"]
[WhiteElo "1663"]
[BlackElo "1359"]
[PlyCount "60"]
[EventDate "2019.06.29"]
[EventType "swiss"]
[EventRounds "9"]
[EventCountry "CZE"]

1. d4 Nf6 2. c4 g6 3. Nc3 Bg7 4. Nf3 O-O 5. e4 d6 6. Be2 e5 7. dxe5 dxe5 8. Qc2 Nc6 9. Be3 Re8 10. Rd1 Qe7 11. a3 b6 12. O-O Bb7 13. Nd5 Nxd5 14. cxd5 Nd4 15. Bxd4 exd4 16. Bd3 c6 17. dxc6 Rac8 18. Rfe1 Bxc6 19. Qb1 Qb7 20. Nd2 Re7 21. Nc4 Qb8 22. g3 Bxe4 23. Rxe4 Rxe4 24. Bxe4 Rxc4 25. Qd3 Qc7 26. Rd2 Rc5 27. Qf3 Qe5 28. Re2 Qf6 29. Qd3 h5 30. Qa6 Ra5 1/2-1/2

[Event "27th Klatovy B 2019"]
[Site "Klatovy CZE"]
[Date "2019.07.05"]
[Round "7.45"]
[White "Rychtecky, Pavel"]
[Black "Dobsa, Emma"]
[Result "1-0"]
[WhiteElo "1630"]
[BlackElo "1325"]
[PlyCount "71"]
[EventDate "2019.06.29"]
[EventType "swiss"]
[EventRounds "9"]
[EventCountry "CZE"]

1. e4 e5 2. Nf3 Nc6 3. Bb5 Nf6 4. O-O Nxe4 5. Re1 Nd6 6. Bxc6 dxc6 7. Nxe5 Be7 8. d4 O-O 9. Be3 f6 10. Nd3 Be6 11. b3 Bf7 12. c4 Nf5 13. Nf4 Qd7 14. Qd2 Rad8 15. Rd1 Nxe3 16. fxe3 f5 17. Qe2 Bf6 18. Na3 Qe7 19. Nc2 c5 20. Qf2 cxd4 21. exd4 Rd7 22. Re1 Qd8 23. Rad1 g5 24. Ne6 Bxe6 25. Rxe6 f4 26. d5 Be7 27. Qf3 Bc5+ 28. Kh1 Re8 29. Rde1 Rde7 30. Qg4 Rxe6 31. Rxe6 Be7 32. h4 Rf8 33. hxg5 Bxg5 34. Nd4 Kh8 35. Nf3 h6 36. Qh5 1-0

[Event "27th Klatovy B 2019"]
[Site "Klatovy CZE"]
[Date "2019.07.05"]
[Round "7.46"]
[White "Trcka, Bohdan"]
[Black "Vavrinkova, Marie"]
[Result "1/2-1/2"]
[WhiteElo "1569"]
[BlackElo "1185"]
[PlyCount "86"]
[EventDate "2019.06.29"]
[EventType "swiss"]
[EventRounds "9"]
[EventCountry "CZE"]

1. e4 e5 2. Be2 Nf6 3. d3 g6 4. g4 h6 5. f4 d6 6. f5 Nc6 7. c3 Bd7 8. h4 Qe7 9. Bf3 Bg7 10. g5 hxg5 11. hxg5 Rxh1 12. Bxh1 Nh5 13. f6 Nxf6 14. gxf6 Qxf6 15. Nf3 Qe7 16. Bg5 f6 17. Bh4 O-O-O 18. Bf2 Rh8 19. Kd2 Bh6+ 20. Kc2 Bg4 21. Nbd2 Bf4 22. Qg1 f5 23. Nh4 Qg5 24. Ndf3 Qh5 25. Nh2 Bxh2 26. Qxh2 g5 27. exf5 Bxf5 28. Bxc6 bxc6 29. Bxa7 Qxh4 30. Qg2 Qh2 31. Rg1 c5 32. Kb3 Qxg2 33. Rxg2 Kb7 34. Bxc5 dxc5 35. Rxg5 Bxd3 36. Rxe5 c4+ 37. Kb4 Kc6 38. Rc5+ Kd6 39. Rb5 c6 40. Ra5 Rb8+ 41. Ka3 c5 42. b3 Kc6 43. Kb2 Kb6 1/2-1/2

[Event "27th Klatovy B 2019"]
[Site "Klatovy CZE"]
[Date "2019.07.05"]
[Round "7.47"]
[White "Chmelik, Benedikt"]
[Black "Konig, Vlastislav 1957"]
[Result "0-1"]
[WhiteElo "1558"]
[BlackElo "1630"]
[PlyCount "86"]
[EventDate "2019.06.29"]
[EventType "swiss"]
[EventRounds "9"]
[EventCountry "CZE"]

1. e4 Nf6 2. e5 Nd5 3. d4 d6 4. exd6 exd6 5. Bc4 Nb6 6. Bd3 Nc6 7. Nf3 Bg4 8. c3 Be7 9. O-O Qd7 10. Re1 O-O 11. Nbd2 Bh5 12. Nf1 Rae8 13. Ng3 Bg6 14. Qc2 Bf6 15. Bg5 Nd5 16. Ne4 Bxg5 17. Nfxg5 h6 18. Nf3 Nf4 19. Rad1 Qg4 20. Ng3 Bxd3 21. Rxd3 Nxd3 22. Rxe8 Rxe8 23. Qxd3 a6 24. b4 Ne7 25. Qc4 Qd7 26. a4 b5 27. axb5 axb5 28. Qd3 Ra8 29. h3 Ra3 30. Nd2 c6 31. Ne2 Nd5 32. Qg3 Qe6 33. Qd3 Nxb4 34. Qf3 Nd5 35. Ne4 b4 36. Kh2 bxc3 37. N4xc3 Nxc3 38. Nxc3 Qc4 39. Qe4 Rxc3 40. Qe8+ Kh7 41. Qe4+ g6 42. Qe7 Qxd4 43. Qf6 Rc4 0-1

[Event "27th Klatovy B 2019"]
[Site "Klatovy CZE"]
[Date "2019.07.05"]
[Round "7.48"]
[White "Novak, Rudolf"]
[Black "Kasik, Denis"]
[Result "0-1"]
[WhiteElo "1499"]
[BlackElo "1208"]
[PlyCount "68"]
[EventDate "2019.06.29"]
[EventType "swiss"]
[EventRounds "9"]
[EventCountry "CZE"]

1. e4 e5 2. Nf3 Nc6 3. Bc4 Nf6 4. d3 h6 5. c3 b6 6. O-O d6 7. h3 g5 8. Nh2 Rg8 9. Bd5 Nxd5 10. exd5 Ne7 11. c4 f5 12. Qh5+ Ng6 13. Nc3 Bd7 14. f3 Qe7 15. f4 gxf4 16. Bxf4 O-O-O 17. Bd2 Nh4 18. g4 Be8 19. Qxf5+ Nxf5 20. Rxf5 Bg6 21. Rf3 h5 22. g5 h4 23. Re1 Bh6 24. Rf6 Qh7 25. gxh6 Bh5+ 26. Ng4 Bxg4 27. hxg4 Rxg4+ 28. Kh2 Rdg8 29. Ne4 Rg2+ 30. Kh3 Rxd2 31. Re3 Rxd3 32. Rxd3 Qxe4 33. Rdf3 Qg4+ 34. Kh2 Qg2# 0-1

[Event "27th Klatovy B 2019"]
[Site "Klatovy CZE"]
[Date "2019.07.05"]
[Round "7.49"]
[White "Bukvaj, Martin"]
[Black "Stross, Frantisek 1952"]
[Result "1/2-1/2"]
[WhiteElo "1220"]
[BlackElo "1458"]
[PlyCount "82"]
[EventDate "2019.06.29"]
[EventType "swiss"]
[EventRounds "9"]
[EventCountry "CZE"]

1. e4 e5 2. Nf3 Nc6 3. d4 exd4 4. Bc4 Be7 5. Nxd4 Nf6 6. Nc3 O-O 7. O-O Bb4 8. Bg5 h6 9. Bh4 Be7 10. Nf5 Ne5 11. Bd3 d6 12. Nxe7+ Qxe7 13. Nd5 Qd8 14. Bxf6 gxf6 15. f4 Nxd3 16. cxd3 c6 17. Ne3 Qb6 18. Rf3 Bg4 19. Rg3 Qxe3+ 20. Rxe3 Bxd1 21. Rxd1 d5 22. exd5 cxd5 23. Re7 b6 24. Rc1 Rfc8 25. Rcc7 Rxc7 26. Rxc7 a5 27. Kf2 Kg7 28. f5 h5 29. h4 Re8 30. Rc6 Re5 31. Rxb6 Rxf5+ 32. Ke3 Kg6 33. Ra6 Kg7 34. Ke2 d4 35. Rd6 Re5+ 36. Kf2 Rb5 37. b3 Rc5 38. Rxd4 Rc2+ 39. Kf3 Rxa2 40. Ra4 Rb2 41. Rxa5 Rxb3 1/2-1/2

[Event "27th Klatovy B 2019"]
[Site "Klatovy CZE"]
[Date "2019.07.05"]
[Round "7.50"]
[White "Popov, Roman4"]
[Black "Silhavy, Josef"]
[Result "0-1"]
[WhiteElo "1239"]
[BlackElo "1448"]
[PlyCount "84"]
[EventDate "2019.06.29"]
[EventType "swiss"]
[EventRounds "9"]
[EventCountry "CZE"]

1. e4 c5 2. Nf3 d6 3. d4 cxd4 4. Nxd4 Nf6 5. Nc3 g6 6. f3 Bg7 7. Be3 O-O 8. Qd2 Nc6 9. O-O-O Bd7 10. g4 Rc8 11. g5 Nh5 12. Be2 Nxd4 13. Bxd4 Bxd4 14. Qxd4 Nf4 15. Qd2 Nxe2+ 16. Qxe2 Rc5 17. h4 b5 18. Nd5 Be6 19. h5 Bxd5 20. exd5 Kg7 21. hxg6 fxg6 22. Qh2 Rh8 23. f4 Qf8 24. Qd2 Qf5 25. Qd4+ Kg8 26. c3 Rc4 27. Qe3 Re4 28. Qg3 Rxf4 29. Rhg1 Kg7 30. Qe3 Re8 31. a3 Re4 32. Qxa7 Kg8 33. Qb7 Re2 34. Rd2 Rxd2 35. Kxd2 Qf2+ 36. Kd3 Qxg1 37. Qd7 Qd1+ 38. Ke4 Qe2+ 39. Kd4 Qe5+ 40. Kd3 Qxd5+ 41. Kc2 Qf5+ 42. Qxf5 gxf5 0-1

[Event "27th Klatovy B 2019"]
[Site "Klatovy CZE"]
[Date "2019.07.05"]
[Round "7.51"]
[White "Havelkova, Beata"]
[Black "Leseticky, Vladimir"]
[Result "0-1"]
[WhiteElo "1316"]
[BlackElo "1631"]
[PlyCount "174"]
[EventDate "2019.06.29"]
[EventType "swiss"]
[EventRounds "9"]
[EventCountry "CZE"]

1. e4 e5 2. Nf3 Nc6 3. Bb5 Bc5 4. O-O Nge7 5. c3 Ng6 6. d4 exd4 7. cxd4 Be7 8. Nc3 a6 9. Ba4 O-O 10. Nd5 b5 11. Bc2 Bb7 12. a3 Na5 13. b3 Bxd5 14. exd5 Bf6 15. Re1 Re8 16. Bb2 Nb7 17. Ne5 d6 18. Nc6 Rxe1+ 19. Qxe1 Qd7 20. Qe4 Re8 21. Qf3 Nh4 22. Qf4 Nd8 23. Nxd8 Bxd8 24. Bd3 Bf6 25. a4 Qe7 26. axb5 axb5 27. Bxb5 Bg5 28. Qg4 h5 29. Qxh5 g6 30. Qg4 f5 31. Qd1 Qe4 32. f3 Qe3+ 33. Kh1 Re7 34. Ba3 Qc3 35. Rb1 Bd2 36. Bb2 Qb4 37. Be2 f4 38. Bc1 Bxc1 39. Rxc1 Nf5 40. Rc4 Ne3 41. Rxb4 Nxd1 42. Rb8+ Kg7 43. Bf1 Re1 44. Kg1 Ne3 45. Kf2 Rxf1+ 46. Ke2 Rb1 47. g3 Nxd5 48. gxf4 Nxf4+ 49. Ke3 Ne6 50. Rb7 Kf6 51. d5 Nc5 52. Rxc7 Rxb3+ 53. Kf4 Rb4+ 54. Kg3 Nb3 55. Rd7 Rb6 56. Kf4 Rb4+ 57. Ke3 Ke5 58. Re7+ Kxd5 59. Rg7 Rh4 60. Rxg6 Rxh2 61. Rg5+ Kc6 62. Rg6 Kc5 63. f4 Rh3+ 64. Ke2 Nd4+ 65. Kf2 Kc4 66. Rxd6 Rf3+ 67. Kg2 Rxf4 68. Ra6 Kd3 69. Ra3+ Ke4 70. Ra4 Kf5 71. Ra8 Rg4+ 72. Kf2 Ke4 73. Re8+ Kf4 74. Rf8+ Nf5 75. Ke2 Rg3 76. Kf2 Ra3 77. Ke2 Ke4 78. Re8+ Kf4 79. Rf8 Ke5 80. Re8+ Kd5 81. Rd8+ Nd6 82. Kd2 Ra2+ 83. Ke3 Ke5 84. Rh8 Ra3+ 85. Kf2 Ne4+ 86. Ke2 Nf6 87. Rd8 Ke4 0-1

[Event "27th Klatovy B 2019"]
[Site "Klatovy CZE"]
[Date "2019.07.05"]
[Round "7.52"]
[White "Lhotsky, Zdenek 1966"]
[Black "Zimovcak, Zdenek"]
[Result "1/2-1/2"]
[WhiteElo "1285"]
[BlackElo "1600"]
[PlyCount "57"]
[EventDate "2019.06.29"]
[EventType "swiss"]
[EventRounds "9"]
[EventCountry "CZE"]

1. e4 e5 2. Nf3 d6 3. d4 Nd7 4. Bb5 c6 5. Bc4 Qc7 6. O-O h6 7. Be3 Ngf6 8. Nbd2 Be7 9. h3 Nf8 10. c3 Ng6 11. Qc2 O-O 12. Rfe1 Bd7 13. Nf1 Qc8 14. N3h2 Nh5 15. Be2 Nhf4 16. Bg4 Bxg4 17. Nxg4 Qc7 18. Ng3 Ne6 19. Rad1 b6 20. Nf5 Bg5 21. dxe5 dxe5 22. Rd3 Rad8 23. Red1 Rxd3 24. Rxd3 Rd8 25. g3 Bxe3 26. Ngxe3 Nc5 27. Rxd8+ Qxd8 28. Nc4 Qd7 29. b4 1/2-1/2

[Event "27th Klatovy B 2019"]
[Site "Klatovy CZE"]
[Date "2019.07.05"]
[Round "7.53"]
[White "Vasko, Pavel"]
[Black "Filip, Petr 1952"]
[Result "1-0"]
[WhiteElo "1560"]
[BlackElo "1324"]
[PlyCount "120"]
[EventDate "2019.06.29"]
[EventType "swiss"]
[EventRounds "9"]
[EventCountry "CZE"]

1. e4 e6 2. d4 Be7 3. Nf3 a6 4. Bd3 Nf6 5. O-O O-O 6. c4 c6 7. Nc3 b5 8. b3 d5 9. cxd5 cxd5 10. e5 Nfd7 11. h3 f6 12. Be3 Nc6 13. exf6 Bxf6 14. Qc2 e5 15. Nxd5 Nxd4 16. Nxf6+ Qxf6 17. Bxd4 exd4 18. Bxh7+ Kh8 19. Be4 Rb8 20. Qd3 Ne5 21. Nxe5 Qxe5 22. Rad1 Rd8 23. Rfe1 Qh5 24. Re3 Bb7 25. Bg6 Qh4 26. Re5 Qf6 27. Rde1 Bc6 28. Re6 Qf4 29. Rxc6 Rd6 30. Rc7 Rxg6 31. Qxg6 Qxc7 32. Re4 Qc1+ 33. Kh2 Qc7+ 34. g3 Rf8 35. Qh5+ Kg8 36. Qd5+ Qf7 37. Qxf7+ Rxf7 38. Kg2 Rd7 39. Re1 a5 40. Kf3 d3 41. Rd1 a4 42. Ke3 axb3 43. axb3 Kf7 44. Rxd3 Re7+ 45. Kd2 b4 46. Rd4 Rb7 47. Kd3 Kf6 48. Re4 Kf5 49. f3 Kf6 50. h4 Kf5 51. g4+ Kf6 52. f4 Kf7 53. Kc4 Kf6 54. Kc5 Kf7 55. Rxb4 Rc7+ 56. Kd6 Rc3 57. Rb7+ Kg6 58. h5+ Kh7 59. Ke6 Re3+ 60. Kf5 Kh6 1-0

[Event "27th Klatovy B 2019"]
[Site "Klatovy CZE"]
[Date "2019.07.05"]
[Round "7.54"]
[White "Roubal, Matyas"]
[Black "Kratochvil, Milos 1976"]
[Result "1-0"]
[WhiteElo "1019"]
[BlackElo "1528"]
[PlyCount "69"]
[EventDate "2019.06.29"]
[EventType "swiss"]
[EventRounds "9"]
[EventCountry "CZE"]

1. e4 e5 2. Nf3 Nc6 3. d4 exd4 4. Bc4 Nf6 5. O-O h6 6. Re1 d6 7. Nxd4 Ne5 8. Bb3 Be7 9. f4 Ng6 10. Nc3 O-O 11. Qd3 Nd7 12. Qg3 Bf6 13. Nf5 Kh7 14. Nd5 Nc5 15. Qf3 Nxb3 16. axb3 Bxf5 17. exf5 Nh4 18. Nxf6+ Qxf6 19. Qxb7 Nxf5 20. Qxc7 Rac8 21. Qb7 Rxc2 22. Rxa7 Nh4 23. g3 Qd4+ 24. Be3 Qxb2 25. gxh4 Rxh2 26. Qf3 Rxh4 27. Bf2 Qf6 28. Bxh4 Qxh4 29. Ree7 Qf6 30. Qe4+ g6 31. Qc4 Kg8 32. Kg2 d5 33. Qd3 Kh7 34. Qxd5 Kg7 35. Qe5 1-0

[Event "27th Klatovy B 2019"]
[Site "Klatovy CZE"]
[Date "2019.07.05"]
[Round "7.55"]
[White "Devera, Filip"]
[Black "Levinsky, Ladislav"]
[Result "1/2-1/2"]
[WhiteElo "1253"]
[BlackElo "1515"]
[PlyCount "33"]
[EventDate "2019.06.29"]
[EventType "swiss"]
[EventRounds "9"]
[EventCountry "CZE"]

1. e4 c5 2. Nc3 Nc6 3. g3 e5 4. Bg2 a6 5. d3 g6 6. Be3 d6 7. Qd2 h5 8. f4 Bh6 9. Nf3 Nd4 10. O-O f5 11. fxe5 Bxe3+ 12. Qxe3 Nxc2 13. Qf4 Nh6 14. Rac1 Nb4 15. Rcd1 Nf7 16. exd6 Qxd6 17. Qxd6 1/2-1/2

[Event "27th Klatovy B 2019"]
[Site "Klatovy CZE"]
[Date "2019.07.05"]
[Round "7.56"]
[White "Jedlicka, Pavel"]
[Black "Skalicky, Jindrich"]
[Result "1-0"]
[WhiteElo "1445"]
[BlackElo "1201"]
[PlyCount "151"]
[EventDate "2019.06.29"]
[EventType "swiss"]
[EventRounds "9"]
[EventCountry "CZE"]

1. d4 d5 2. f4 Bf5 3. Nf3 Nf6 4. e3 Nc6 5. c3 e6 6. Be2 Be7 7. O-O O-O 8. Ne5 Nxe5 9. fxe5 Ne8 10. Nd2 h6 11. g4 Bh7 12. Nf3 b6 13. Bd3 Bxd3 14. Qxd3 a5 15. e4 dxe4 16. Qxe4 Qd5 17. Qxd5 exd5 18. h4 a4 19. g5 hxg5 20. Bxg5 Bxg5 21. hxg5 c5 22. Kg2 Nc7 23. Rh1 Rfb8 24. Rh4 Kf8 25. Rf1 Ne6 26. Rh5 Nf4+ 27. Kg3 Nxh5+ 28. Kg4 Ng3 29. Kxg3 a3 30. b3 Ke7 31. Nh4 cxd4 32. cxd4 Rg8 33. Nf5+ Ke6 34. Nd6 Raf8 35. Nb5 Rc8 36. Rf2 Rc1 37. Rg2 Rd1 38. Kf3 Rf1+ 39. Ke2 Rf5 40. Nc7+ Ke7 41. Nxd5+ Kf8 42. Nxb6 Rh8 43. Nc4 Rh5 44. Nxa3 Rfxg5 45. Rf2 Rf5 46. Rxf5 Rxf5 47. Nc4 g5 48. a4 g4 49. Ne3 Rg5 50. a5 Rg6 51. Kf2 Ra6 52. b4 Ke7 53. d5 Kd7 54. Nxg4 Ra8 55. Ke3 Rb8 56. Nf6+ Kd8 57. Kd4 Rxb4+ 58. Kc5 Rb8 59. Kc6 Rc8+ 60. Kb6 Rb8+ 61. Kc5 Rc8+ 62. Kd4 Ra8 63. Ne4 Rxa5 64. Nd6 Ra7 65. Ke4 Rd7 66. Nf5 Kc7 67. d6+ Kc6 68. Kd4 Kb5 69. Kd5 Kb6 70. Nh6 Kb5 71. Nxf7 Rxf7 72. e6 Rf5+ 73. Ke4 Rf6 74. Ke5 Rxe6+ 75. Kxe6 Kc6 76. Ke7 1-0

[Event "27th Klatovy B 2019"]
[Site "Klatovy CZE"]
[Date "2019.07.05"]
[Round "7.57"]
[White "Day, Sophia Olivia"]
[Black "Sykora, Vaclav"]
[Result "0-1"]
[WhiteElo "1021"]
[BlackElo "1422"]
[PlyCount "78"]
[EventDate "2019.06.29"]
[EventType "swiss"]
[EventRounds "9"]
[EventCountry "CZE"]

1. e4 d6 2. d4 Nf6 3. Nc3 g6 4. Nf3 Bg7 5. h3 O-O 6. Be3 Nbd7 7. Be2 b6 8. Nd2 Bb7 9. f3 e5 10. Nc4 exd4 11. Bxd4 Nh5 12. Bxg7 Kxg7 13. Qd4+ Kg8 14. Qf2 Nf4 15. O-O-O Qg5 16. Rhg1 Nxe2+ 17. Kb1 Nxg1 18. Qxg1 Qc5 19. Qf1 Ba6 20. b3 Bxc4 21. Qxc4 Qxc4 22. bxc4 Ne5 23. Rd4 c5 24. Rxd6 Nxc4 25. Rd1 Rfd8 26. Re1 Rd2 27. Rc1 Rxg2 28. Rh1 Rf2 29. Nd5 Rxf3 30. Rd1 Ne3 31. Ne7+ Kf8 32. Rd7 Rf1+ 33. Kb2 Rd1 34. Rc7 Ke8 35. Kc3 Rd7 36. Rxd7 Kxd7 37. Nd5 Nxd5+ 38. exd5 Kd6 39. Kc4 f5 0-1

[Event "27th Klatovy B 2019"]
[Site "Klatovy CZE"]
[Date "2019.07.05"]
[Round "7.58"]
[White "Novy, Jaroslav"]
[Black "Hejda, Ondrej"]
[Result "1-0"]
[WhiteElo "1632"]
[BlackElo "1403"]
[PlyCount "45"]
[EventDate "2019.06.29"]
[EventType "swiss"]
[EventRounds "9"]
[EventCountry "CZE"]

1. e4 c5 2. Nf3 Nc6 3. d4 cxd4 4. Nxd4 Nf6 5. Nc3 e6 6. Be3 Bb4 7. Bd3 d5 8. O-O O-O 9. Nxc6 bxc6 10. Bg5 h6 11. Bxf6 Qxf6 12. Na4 Qg6 13. e5 Qg5 14. f4 Qe7 15. Qh5 Bd7 16. c3 c5 17. cxb4 Bxa4 18. b3 Bd7 19. Rf3 cxb4 20. Rg3 Qc5+ 21. Kh1 f6 22. Qxh6 Qe7 23. Qh7+ 1-0

[Event "27th Klatovy B 2019"]
[Site "Klatovy CZE"]
[Date "2019.07.05"]
[Round "7.59"]
[White "Vilasek, Martin"]
[Black "Souralova, Venuse"]
[Result "0-1"]
[WhiteElo "1063"]
[BlackElo "1391"]
[PlyCount "42"]
[EventDate "2019.06.29"]
[EventType "swiss"]
[EventRounds "9"]
[EventCountry "CZE"]

1. e4 c5 2. Nc3 d6 3. Bc4 Nf6 4. d3 g6 5. f4 Nc6 6. Be3 Ng4 7. Bd2 Bg7 8. Nf3 a6 9. Qe2 Rb8 10. a3 b5 11. Bd5 Nd4 12. Qd1 b4 13. axb4 cxb4 14. Nxd4 Bxd4 15. Bc6+ Bd7 16. Bxd7+ Qxd7 17. Qc1 bxc3 18. bxc3 Bf2+ 19. Kf1 Qa7 20. Qd1 Nxh2+ 21. Rxh2 Bg3 0-1

[Event "27th Klatovy B 2019"]
[Site "Klatovy CZE"]
[Date "2019.07.05"]
[Round "7.60"]
[White "Stanke, Vilem"]
[Black "Nechvatalova, Eva"]
[Result "1-0"]
[WhiteElo "1371"]
[BlackElo "1134"]
[PlyCount "101"]
[EventDate "2019.06.29"]
[EventType "swiss"]
[EventRounds "9"]
[EventCountry "CZE"]

1. e4 c5 2. Nf3 Nc6 3. d4 cxd4 4. Nxd4 d6 5. Bb5 Bd7 6. O-O Nf6 7. Nc3 g6 8. Be3 Bg7 9. Qd2 O-O 10. Nxc6 Bxc6 11. Bxc6 bxc6 12. Bh6 Qc7 13. Bxg7 Kxg7 14. Kh1 Rab8 15. b3 Qa5 16. Rfd1 Rfd8 17. f3 d5 18. exd5 cxd5 19. Ne2 Qxd2 20. Rxd2 Rbc8 21. Rad1 a5 22. h3 Rd7 23. Rd4 Rcd8 24. Ra4 Ra8 25. Nd4 e5 26. Nc6 e4 27. Rxa5 Rxa5 28. Nxa5 exf3 29. gxf3 d4 30. Nc6 d3 31. Rxd3 Rxd3 32. cxd3 h5 33. a4 Nd7 34. a5 Kf6 35. b4 Ke6 36. b5 Kd6 37. d4 Kc7 38. Kg2 f5 39. Kg3 g5 40. f4 h4+ 41. Kf3 gxf4 42. Kxf4 Kd6 43. Kxf5 Kd5 44. Ne5 Kxd4 45. Nxd7 Kd5 46. b6 Kc6 47. Nc5 Kxc5 48. b7 Kb5 49. b8=Q+ Kxa5 50. Ke5 Ka4 51. Kd4 1-0